Next to Shakespeare ; Otway's Venice preserv'd, and The orphan, and their history on the London stage.

Bibliographic Details
Main Author: Taylor, Aline Mackenzie
Format: Book
Language:English
Published: Durham : Duke University Press, 1950.
Subjects:

MARC

Tag First Indicator Second Indicator Subfields
LEADER 00000cam a2200000 4500
001 in00000034939
005 20151007063447.0
008 771117s1950 nc a b 00000 eng
010 |a  50010282  
035 |a (OCoLC)03425321 
035 |9 AAD7456AM 
040 |a DLC  |c OUN  |d TXA  |d UtOrBLW 
049 |a TXAM  |c [195024] 
050 0 0 |a PR3614  |b .T3 
092 |a 822  |b O92Yt 
100 1 |a Taylor, Aline Mackenzie. 
245 1 0 |a Next to Shakespeare ;  |b Otway's Venice preserv'd, and The orphan, and their history on the London stage. 
264 1 |a Durham :  |b Duke University Press,  |c 1950. 
300 |a vii, 328 pages :  |b illustrations ;  |c 24 cm. 
336 |a text  |b txt  |2 rdacontent 
337 |a unmediated  |b n  |2 rdamedia 
338 |a volume  |b nc  |2 rdacarrier 
504 |a Bibliography: pages [304]-313. 
600 1 0 |a Otway, Thomas,  |d 1652-1685.  |t Venice preserv'd. 
600 1 0 |a Otway, Thomas,  |d 1652-1685.  |t Orphan. 
650 0 |a Theater  |z England  |z London  |x History. 
999 |a MARS 
999 f f |s 4c944c34-ba25-338b-b080-7067630e5c6b  |i 7de008c0-9362-3604-84b7-79ce86f68b1c  |t 0 
952 f f |p normal  |a Texas A&M University  |b College Station  |c Sterling C. Evans Library  |d Evans: Library Stacks  |t 0  |e PR3614 .T3  |h Library of Congress classification  |i unmediated -- volume  |m A14801299170 
998 f f |a PR3614 .T3  |t 0  |l Evans: Library Stacks